00530nam a2200193Ia 4500001001000000003000500010008004100015010001100056040000900067082001700076100002100093245006400114260003800178300001100216650002500227650002500252650003300277650002600310Para_1556CHAP220125s1990 xx 000 0 und d a200138 cCHAP aPA 635.65 S5 aSingh, S.R., ed. aInsect pests of tropical food legumes /c ed. by S.R. Singh aNew York :b John Wiley and Sons. a451 p. aCultivos tropicales  aLegumbres x plagas  aLeguminosas x enfermedades  aLeguminosas x plagas